| 000 | 00355 a2200169 4500 | ||
|---|---|---|---|
| 001 | 70028 | ||
| 020 | _a8532238459 | ||
| 040 | _cAnchieta - Itaigara | ||
| 100 | _aPorto, Cristina | ||
| 240 | 1 | 0 |
_aMarco e Apolo _lpor |
| 245 | 1 | 0 | _aMarco e Apolo |
| 300 | _a24 | ||
| 362 | 0 | _a1999 | |
| 440 | 1 | _aFTD | |
| 650 | 4 | _aLiteratura infanto-juvenil | |
| 942 | _cBK | ||
| 999 |
_c70028 _d70028 |
||